| 000 | 00905nam a2200253 a 4500 | ||
|---|---|---|---|
| 001 | 23038 | ||
| 003 | CO-ViMGA | ||
| 008 | 141112s2004 ck r 000 u spa d | ||
| 020 | _a9580479283 | ||
| 040 |
_aCO-ViMGA _bspa _cCO-ViMGA |
||
| 082 | 0 | 4 | _a303.6 P491u |
| 100 | 1 |
_aPizarro Leongòmez, Eduardo _9242 |
|
| 245 | 1 | 0 |
_aUna democracia asediada : _bBalance y perspectivas del conflicto armado en colombia |
| 260 |
_aColombia : _bNorma |
||
| 300 | _a364p. | ||
| 505 | _aComo caracterizar el conflicto armado, Los actores armados no estatales, Hacia una degradacion terrorista, El narcotrafico | ||
| 650 | 1 | 4 |
_aCONFLICTO ARMADO - COLOMBIA _92049 |
| 650 | 1 | 4 |
_aGRUPOS SUBVERSIBOS - COLOMBIA _933134 |
| 650 | 1 | 4 | _aNARCOTRAFICO - COLOMBIA |
| 650 | 1 | 4 |
_aPARAMILITARES - COLOMBIA _924561 |
| 650 | 1 | 4 |
_aVIOLENCIA - COLOMBIA _917061 |
| 650 | 1 | 4 |
_aVIOLENCIA PolĂtica - COLOMBIA _933135 |
| 942 |
_2ddc _cBK |
||
| 999 |
_c31320 _d31320 |
||